000 00339nam a2200133Ia 4500
008 240624s9999 xx 000 0 und d
041 _aeng
082 _a823 SIN
100 _aSINGH KHUSHWANT
245 _aI SHALL NOT HEAR THE NIGHTINGALE
260 _c2005
_aNew Delhi
_bPenguin Books
300 _a271 : p. : cm. ; 19
365 _cRS
_b30
999 _c13649
_d13649